00442nam a2200157Ia 45000010006000000050017000060080041000230410008000640820016000721000029000882450114001172600009002313000028002406500008002686540008002761730820260306171508.0260306s9999||||xx |||||||||||||| ||und|| aESP a657.61bN37 aZapata L., Jorge E.eAUT 0aAnálisis práctico y guia de implementación de Normas Internacionales de Información Financiera - NIIF c2014 a289 páginas :c24 cm. aGEN aCCO